| 000 | 01037cam a2200301 i 4500 | ||
|---|---|---|---|
| 001 | 24381 | ||
| 003 | Mx-PuUPA | ||
| 005 | 20251015124625.0 | ||
| 008 | 140415s2005 nyua br 000 0 eng d | ||
| 020 | _a9780689878862 | ||
| 040 |
_cMx-PuUPA _aMx-PuUPA _bspa _dMx-PuUPA _erda |
||
| 041 | 0 | _aeng | |
| 100 | 1 |
_aField, Rachel, _d1894-1942 _eautor _917499 |
|
| 245 | 1 | 0 |
_aPrayer for a child / _cRachel Field ; pictures by Elizabeth Orton Jones |
| 250 | _aFirst Little Simon Inspirations edition | ||
| 264 | 1 |
_aNew York : _bLittle Simon Inspirations, _c2005 |
|
| 300 |
_asin paginación : _bilustraciones ; _c16 cm |
||
| 336 |
_2rdacontent _atexto _btxt |
||
| 337 |
_2rdamedia _asin medio _bn |
||
| 338 |
_2rdacarrier _avolumen _bnc |
||
| 650 | 7 |
_2armarc _aOraciones para dormir |
|
| 650 | 7 |
_2armarc _aNiños _xOraciones y devociones |
|
| 700 | 1 |
_aOrton Jones, Elizabeth, _eilustrador |
|
| 942 |
_2ddc _cLI _h242.82 _iF45 |
||
| 999 |
_c24381 _d24381 |
||